000 00609nam a22001937a 4500
999 _c4099
_d4099
003 AR-CdUCM
008 190307b ||||| |||| 00| 0 spa d
040 _aMUNICIPALIDAD PROVINCIAL DEL CUSCO
_cBIBLIOTECA MUNICIPAL DEL CUSCO
082 _a869.624 /
_bP44
100 _aPérez Torres, Raúl
_912997
245 _aEn la noche y en la niebla /
260 _aLa Habana :
_bCasa de las Américas,
_c1980.
300 _a69 páginas ;
_c19 cm.
500 _aPremio Casa de las Américas, 1980. Cuento.
650 _aCuentos ecuatorianos
_912998
650 _aSiglo XX
_98
942 _2ddc
_cLIBROS
945 _araen